000 00326nam a22001457a 4500
003 SGT
020 _a938426673-6
082 _a615.19
_bDAN
100 _aDANDAGVHAL, KAMLESH R.
245 _aMEDICINAL CHEMISTRY
260 _aINDIA
_bBIRLA PUB.
_c2027
300 _a76
650 _aMEDICINAL CHEMISTRY
942 _2ddc
_cBK
999 _c33011
_d33011